Normal view
MARC view
- English language
Entry Topical Term
001 - CONTROL NUMBER
- control field: 13132
003 - CONTROL NUMBER IDENTIFIER
- control field: NUST
005 - DATE AND TIME OF LATEST TRANSACTION
- control field: 20190123090437.0
008 - FIXED-LENGTH DATA ELEMENTS
- fixed length control field: 190123|| aca||aabn | a|a d
040 ## - CATALOGING SOURCE
- Original cataloging agency: NUST
- Transcribing agency: NUST
150 ## - HEADING--TOPICAL TERM
- Topical term or geographic name entry element: English language
- Form subdivision: Textbooks for foreign speakers.
670 ## - SOURCE DATA FOUND
- Source citation: Work cat.: (NUST)0: Werner, Patricia K., 1951- 13131, Interactions access. A communicative grammar /, 1997.
